000 01227nam a2200265Ia 4500
999 _c52894
_d52894
001 19924
003 GE_BSU
005 20200513193316.0
008 181216s1978||||ge |||||||||||||| ||geo||
040 _cGE_BSU
041 _ageo
080 _a811.353.1'282 ც-87
100 _aცოცანიძე, გიორგი
_94453
245 _aფშაური დიალექტი /
_cგიორგი ცოცანიძე ; რედ. ივ. ქავთარაძე.
264 _aთბილისი :
_bმეცნიერება,
_c1978.
300 _a271 გვ. ;
_c21 სმ
500 _aლექსიკონი : გვ. 223-241. - სიტყვაფორმათა და შესიტყვებათა საძიებელი : გვ. 242-268.
541 _h7ლ.
653 _aდიალექტოლოგია
653 _aქართული ენის დიალექტები
653 _a ფშაური დიალექტი
700 _a ქავთარაძე, ივ.
_eრედაქტორი
_98045
710 _aენათმეცნიერების ინსტიტუტი
_98046
942 _cBK
_2udc